|
|
|
|
| LEADER |
00000ngm a2200000 a 4500 |
| 001 |
vtls010499805 |
| 003 |
SK-MaSNL |
| 005 |
20260302093131.0 |
| 007 |
vd uvuizu |
| 008 |
130327s2010 xo 000 vlslo |
| 040 |
|
|
|a SNK
|b slo
|c SNK
|e AACR2
|
| 041 |
0 |
|
|a slo
|
| 044 |
|
|
|a xo
|c SK
|
| 245 |
0 |
0 |
|a Takmer dokonalý zločin
|h videozáznam
|b bola to perfektná vražda-, bohužiaľ, niekto to všetko videl
|
| 260 |
|
|
|a [S.l.]
|b Bonton Home Video
|c [2010]
|
| 300 |
|
|
|a 1 videodisk (DVD)
|
| 500 |
|
|
|a Príloha denníka Nový čas
|
| 655 |
|
7 |
|a DVD
|2 SNKPH
|9 70751
|
| 999 |
|
|
|c 1207621
|d 1209551
|
| 952 |
|
|
|a SNK
|b SNK
|y PREZ
|7 0
|p 17A1066228
|o snkSDVD 866
|i snk2013/7195
|8 0
|0 0
|1 0
|4 0
|d 2013-03-27
|l 0
|r 2026-02-24 23:02:43
|w 2026-02-24
|